| 000 | 00596nam a22002297a 4500 | ||
|---|---|---|---|
| 003 | OSt | ||
| 005 | 20140310182950.0 | ||
| 008 | 130206t xxu||||| |||| 00| 0 eng d | ||
| 020 | _a9712329739 | ||
| 050 |
_aLB 1025 _b.B749 2000 |
||
| 245 |
_aEssays in Philosophy of education III : _cBotor, Celeste O. _breflections of a man / |
||
| 260 |
_aManila : _bRex Book Store, _c2000. |
||
| 300 |
_a131 p. : _c22.2 cm. |
||
| 521 | _aEDU | ||
| 562 | _e4 | ||
| 650 |
_aEducation _xphilosophy |
||
| 942 |
_2lcc _cBK _kLOC |
||
| 999 |
_c17886 _d17886 |
||